00542nam a2200157Ia 4500008004100000100002400041245016900065260001200234260001100246260000900257300000700266650001900273942000900292999001500301952006800316160103s9999 xx 000 0 und d10aKarunaratne,M.G.D.T aIn vitro Nitric oxide Scavenging activity and inhibitory action on the production of advanced glycation end products(AGE) by the herbal formulation Nawarathne Kalka aColombo bIchemc c2015 a52 aherbal formula cbook c2925d2925 001070aICbICd2016-01-03l0pD0193r2016-01-03 00:00:00yDIS